Možnosti energeticky aj ekonomicky efektívneho využitia tepelného čerpadla vzduch-voda pre vykurovanie

Saved in:
Bibliographic Details
Main Author: Krchnák, Tomáš, 1986- (Author)
Other Authors: Havelský, Václav, 1943- (Thesis advisor)
Format: Manuscript Book
Language:Slovak
Published: Bratislava : STU v Bratislave SjF, 2010
Subjects:
Online Access:VAIS
Tags: Add Tag
No Tags, Be the first to tag this record!

MARC

LEADER 00000ntm a22000003a 4500
001 stu210492
005 20150617230101.8
008 100907s2010----xo------------------slo-d
040 |a STU  |b slo 
041 0 |a slo 
044 |a xo 
100 1 |a Krchnák, Tomáš,  |d 1986-  |4 aut  |u J  |T SjF Strojnícka fakulta  |X 26757  |U J  |Y 20  |7 A000026757 
242 0 0 |a The possibilities of energetic and economic effective utilisation of heat pump air-water for heating.   |y eng 
245 1 |a Možnosti energeticky aj ekonomicky efektívneho využitia tepelného čerpadla vzduch-voda pre vykurovanie  
260 |a Bratislava :  |b STU v Bratislave SjF,  |c 2010 
650 7 |a heat pump  |2 estusub 
650 7 |a tepelné čerpadlo  |2 stusub 
650 7 |a vykurovanie  |2 stusub 
650 7 |a ekonomické zhodnotenie  |2 stusub 
700 1 |a Havelský, Václav,  |d 1943-  |4 ths  |u J0060  |U SjF Strojnícka fakulta  |T SjF Ústav tepelnej energetiky  |X 2454  |U J0060  |Y 805  |7 A000002454 
856 4 |a info a plný text  |u http://is.stuba.sk/zp/portal_zp.pl?podrobnosti=74503  |3 VAIS 
996 |b 284J038868  |c J*736/DP  |l JJSK  |s A  |a 24  |w stu210492_0001